Normal view MARC view
  • Shafiq, Arslan

Entry Personal Name

Number of records used in: 1

001 - CONTROL NUMBER

  • control field: 114348

003 - CONTROL NUMBER IDENTIFIER

  • control field: NUST

005 - DATE AND TIME OF LATEST TRANSACTION

  • control field: 20230831115109.0

008 - FIXED-LENGTH DATA ELEMENTS

  • fixed length control field: 230831|| aca||aabn | a|a d

040 ## - CATALOGING SOURCE

  • Original cataloging agency: NUST
  • Transcribing agency: NUST

100 ## - HEADING--PERSONAL NAME

  • Personal name: Shafiq, Arslan

670 ## - SOURCE DATA FOUND

  • Source citation: Work cat.: (NUST): Shafiq, Arslan, Frequency Regulation of Power Grid with High Proportion of Type 4 Wind Power Generator Penetration
© 2023 Central Library, National University of Sciences and Technology. All Rights Reserved.